| 000 | 00798pam a2200253 a 4500 | ||
|---|---|---|---|
| 001 | 3823553 | ||
| 003 | NUST - PNEC | ||
| 005 | 20170116181138.0 | ||
| 008 | 860422s1986 enka 001 0 eng | ||
| 010 | _a 86011050 | ||
| 020 | _a0859413365 (pbk.) : | ||
| 040 |
_aDLC _cLIBRARY _dDLC |
||
| 050 | 0 | 0 |
_aHF5635 _b.B662 1986 |
| 082 | 0 | 0 | _a657.48 BLA |
| 100 | 1 | _aBlack, Geoff. | |
| 245 | 1 | 0 |
_aFinancial accounting : _bfor LCCI, "A" level and intermediate professional examinations / _cGeoff Black. |
| 260 |
_aCambridge [Cambridgeshire] : _bWoodhead-Faulkner, _c1986. |
||
| 300 |
_avii, 228 p. : _bill. ; _c30 cm. |
||
| 500 | _aIncludes index. | ||
| 650 | 0 |
_aAccounting. _xMIS |
|
| 650 | 0 |
_aAccounting _zGreat Britain. |
|
| 906 |
_a7 _bcbc _corignew _d1 _eocip _f19 _gy-gencatlg |
||
| 942 |
_2ddc _cBK |
||
| 999 |
_c70332 _d70332 |
||